Decretales D. Gregorii Papae IX suae integritati una cum glossis restitutae ad exemplar romanum. Nunc recens perutilibus additionibus praeclariss. jurisc. D. Andrea Alciati illustratae

Detalles Bibliográficos
Autor principal: Gregorio IX, papa, 1143-1241
Otros Autores: Alciato, Andrea, 1492-1550
Formato: Libro
Lenguaje:Latin
Publicado: Venetiis : apud socios Aquilae Renovantis, 1605.
Materias:
Colección:Banco de datos
Acervo:Seminario Conciliar de Nuestra Señora de Guadalupe Querétaro. Qro.. Biblioteca Florencio Rosas. Fondo Reservado
Descripción Física:[28] h., 1378, 56, 48 p. ; 4°
Tema general:Derecho eclesiástico
Notas:Portada tipográfica a dos tintas con grabado central calcográfico. Texto a dos columnas con comentarios y glosas envolventes, paginación en números arábigos, cornisas, apostillas marginales, titulillos, signaturas y reclamos. Las adiciones con portada y paginación propias. Incluye letras capitulares y viñetas finales con motivos antropomorfos y florales en grabado xilográfico. Encuadernación en cartón con lomo en piel (206-207). Ex libris en estampa en el verso de la tapa superior de Manuel Rivera, obispo coadjutor (206-207). Sello en tinta del Seminario Conciliar, Querétaro (206-207). Daños de polilla (206-207)
LEADER 02354nam a22002170004500
035 |a 257 
041 0 |a lat  
100 1 |a Gregorio IX, papa, 1143-1241 
245 1 0 |a Decretales D. Gregorii Papae IX suae integritati una cum glossis restitutae ad exemplar romanum. Nunc recens perutilibus additionibus praeclariss. jurisc. D. Andrea Alciati illustratae 
260 |a Venetiis : apud socios Aquilae Renovantis, 1605.  
300 |a [28] h., 1378, 56, 48 p. ; 4° 
500 |a Portada tipográfica a dos tintas con grabado central calcográfico. Texto a dos columnas con comentarios y glosas envolventes, paginación en números arábigos, cornisas, apostillas marginales, titulillos, signaturas y reclamos. Las adiciones con portada y paginación propias. Incluye letras capitulares y viñetas finales con motivos antropomorfos y florales en grabado xilográfico. Encuadernación en cartón con lomo en piel (206-207). Ex libris en estampa en el verso de la tapa superior de Manuel Rivera, obispo coadjutor (206-207). Sello en tinta del Seminario Conciliar, Querétaro (206-207). Daños de polilla (206-207) 
504 |a Al principio de la obra está el índice de capítulos 
504 |a La obra ha sido encuadernada en dos volúmenes. El primero comprende de las p. 1-702; el segundo, de las p. 703-1378 + 56, 48 p.  
505 0 0 |a Decretales Gregorii, p. 1-1378.-- Additiones super decretalibus D. Andreae Alciati patritii mediolanensis & jureconsulti praestantissimi, quae quales sint conculto dicere ommittimus, studiosi lectoris judicio reliquentes quam utilitatem sint allaturae, non enim è re esse duximus, tanti doctoris nomen fucatis verbis offendere de quo tacere satius est, quam pauca loqui. E tenebris, ubi latebant, eas extraxisse in tui gratiam operae precium existimavimus, quod nostri operis est, aequi boniq[ue] consule; reliqua Deo Opt. Max. & Alciato accepta ferto, p. 1-56.-- Margarita Decretalium libellus admodum singularis omnes flosculos in ipsarum Decretalium textibus reconditos, secundum alphabeti ordinem explicans, p. 1-48 
650 1 0 |a Derecho eclesiástico  
700 1 |a Alciato, Andrea, 1492-1550 
949 |a Fondo Reservado: v. 1 (206); v. 2 (207) 
942 |c QUER-RES 
943 |g Seminario Conciliar de Nuestra Señora de Guadalupe Querétaro. Qro.. Biblioteca Florencio Rosas. Fondo Reservado 
999 |c 1107921  |d 1107921